| 000 | 00997nmc a2200325 a 4500 | ||
|---|---|---|---|
| 003 | AR-BaBNM | ||
| 005 | 20251128211431.0 | ||
| 008 | 194020s2004 ||||||||||||||000 | spa|| | ||
| 020 | _a84-7112-491-2 | ||
| 040 | _cAR-BaBNM | ||
| 100 | 1 | _aDadzie, Stella | |
| 245 | 1 | 0 | _aHerramientas contra el racismo en las aulas |
| 260 |
_aMadrid _bEdiciones Morata _c2004 _bMinisterio de Educación, Cultura y Deporte |
||
| 300 | 0 | _a135 p. | |
| 490 | 0 | _aPedagogía. Proyectos Curriculares | |
| 500 | 1 | _aContiene libros, recursos y direcciones útiles | |
| 500 | 0 | _aTraducido por Pablo Manzano | |
| 650 | 4 | _aRACISMO | |
| 650 | 4 | _aEDUCACION MULTICULTURAL | |
| 650 | 4 | _aINTEGRACION SOCIAL | |
| 650 | 4 | _aORGANIZACION ESCOLAR | |
| 650 | 4 | _aDISCRIMINACION RACIAL | |
| 650 | 4 | _aCRITERIOS DE EVALUACION | |
| 653 | 0 | _aPROYECTOS CURRICULARES | |
| 653 | 0 | _aEDUCACION EN LA DIVERSIDAD | |
| 653 | 0 | _aESTRATEGIAS DIDACTICAS | |
| 700 | 1 |
_aManzano, Pablo _etraductor |
|
| 942 | _cBK | ||
| 998 | _craquel | ||
| 999 |
_c19679 _d19679 |
||